000 00636nam a22002057a 4500
999 _c13879
_d13879
003 AR-CdUCM
008 190416b ||||| |||| 00| 0 spa d
040 _aMUNICIPALIDAD PROVINCIAL DEL CUSCO
_cBIBLIOTECA MUNICIPAL DEL CUSCO
082 _a808.985 /
_bSA17
100 _aSalas Gamarra, Armando
_925244
245 _aUmantay /
260 _aLima :
_c2000.
300 _a78 paginas ;
_c22 cm.
505 _aContenido : Umantay -- Pedernal -- Diálogos del sueño y la muerte.
650 _aNovela
_9572
650 _aAutores Peruanos
_9731
650 _aLiteratura peruana
_9169
942 _2ddc
_cLIBROS
945 _awnts
_d2019-04-16